Miestne poplatky za komunálne odpady
Zákon o miestnych daniach č. 582/2004 bol novelizovaný zákonmi č. 733/2004 Z.z. a č. 747/2004 Z.z., platnými od 1. 1. 2005. Výklad niektorých paragrafov zákonov.
Guardado en:
| Autor principal: | |
|---|---|
| Formato: | Capítulo de libro |
| Lenguaje: | eslovaco |
| Materias: | |
| Etiquetas: |
Sin Etiquetas, Sea el primero en etiquetar este registro!
|
MARC
| LEADER | 00000naa$a2200000$$$4500 | ||
|---|---|---|---|
| 001 | 0026104 | ||
| 005 | 20230919100341.5 | ||
| 041 | 0 | |a slo | |
| 044 | |a SK | ||
| 245 | 1 | 0 | |a Miestne poplatky za komunálne odpady |c Mária Vargová |
| 520 | |a Zákon o miestnych daniach č. 582/2004 bol novelizovaný zákonmi č. 733/2004 Z.z. a č. 747/2004 Z.z., platnými od 1. 1. 2005. Výklad niektorých paragrafov zákonov. | ||
| 610 | 2 | 0 | |a odpad komunálny |
| 610 | 2 | 0 | |a poplatky miestne |
| 610 | 2 | 0 | |a dane miestne |
| 610 | 2 | 0 | |a zákony |
| 610 | 2 | 0 | |a Slovensko |
| 610 | 2 | 0 | |a 2004 |
| 100 | 1 | |a Vargová, Mária | |